Quick Pick: 6-Letter Countries Match Quiz Stats

Quiz Updated Sep 27, 2016

Challenge
Share
Tweet
Embed
Score 0/16 Timer 00:30
2 Plays Today
% Correct
way
76.3%
ico
75.7%
sia
75.5%
dan
74.9%
den
74.2%
rus
73.3%
wan
72.9%
ada
71.8%
% Correct
bia
70.4%
ovo
69.5%
nda
68.8%
ola
68.6%
ana
66%
tan
64.2%
nea
55.6%
alu
50.9%

Today's Daily Dose

Word Ladder
Asgardians

On This Day
May 23rd II

You're not logged in!

Compare scores with friends on all Sporcle quizzes.
Join for Free
OR
Log In

You Might Also Like...

Show Comments

Extras

Top Quizzes Today


Score Distribution

Your Account Isn't Verified!

In order to create a playlist on Sporcle, you need to verify the email address you used during registration. Go to your Sporcle Settings to finish the process.

Report this User

Report this user for behavior that violates our Community Guidelines.

Details: